|
|
|
|
| LEADER |
00000nab a2200000 i 4500 |
| 001 |
publ181 |
| 005 |
20170611192819.0 |
| 008 |
170403s2007 hu o 000 zxx d |
| 022 |
|
|
|a 1587-5881
|
| 040 |
|
|
|a BGE Publikációtár Repozitórium
|b hun
|
| 100 |
1 |
|
|a Karakasné Morvay Klára
|
| 245 |
1 |
2 |
|a A szolgáltatásminőség és a vendégelégedettség mérése
|c Karakasné Morvay Klára
|h [elektronikus dokumentum]
|
| 260 |
|
|
|a Budapesti Gazdasági Főiskola Külkereskedelmi Kar
|c 2007
|
| 300 |
|
|
|a 56-64
|
| 490 |
0 |
|
|a Szakmai Füzetek 20
|v No. 20.
|
| 650 |
|
4 |
|a szociológiai tudományok
|
| 695 |
|
|
|a Vendéglátás
|
| 695 |
|
|
|a Minőségmenedzsment
|
| 700 |
1 |
|
|a Rudolfné Katona Mária
|e aut
|
| 856 |
4 |
0 |
|u https://publikaciotar.uni-bge.hu/id/eprint/181/1/rudolfne%20karakasne%20magyar_a%20szolgaltatasminoseg.pdf
|z Dokumentum-elérés
|